Регионална библиотека "Любен Каравелов" - Русе

Човешко, твърде човешко (Запис номер 49547)

MARC детайли
000 -Лидер
Контролно поле с фиксирана дължина 01562nam a2200373 a 4500
003 - Код на организацията, давaща контролен номер
Контролно поле BLK
005 - Дата и час на последна редакция
Контролно поле 20250214144409.0
008 - Елементи от данни с фиксирана дължина
fixed length control field 180408b bul|||||r ||||||| ||bul||
010 ## - Наследен системен номер
LC control number KNG00053403000
020 ## - Международен стандартен номер на книга ISBN
Международен стандартен номер на книга ISBN 954-445-141-2
040 ## - Източник на каталожния запис
Идентификатор на билиотеката - собственик на записа BLK
041 ## - Код за език
Код за езика на текст/звукозапис или на отделно заглавие Български
Код за езика КДБФ Български
080 ## - УДК
Текстов определител УДК Немска литература
УДК код - определител по УДК 821.112.2
УДК определител -96
УДК - код + определител 821.112.2-96
100 1# - Редна дума - Автор
Автор Ницше, Фридрих
Авторска отговорност първи автор
R(LIN) 282618
139 ## - Редно поле
Редна дума Ницше, Фридрих
Авторски знак Ниц - Н 83
245 10 - Сведения за заглавието
Заглавие Човешко, твърде човешко
Подзаглавни данни Книга за свободните духове
Редно поле (дума) Фридрих Ницше; прев. от нем. Донка Илинова.
Том Т. 2
257 ## - Страна на издаване
Страна на създаване/издаване Германия
260 ## - Област на издателските данни
Място на издаване, разпространение и проч. София
Име на издателя, разпространителя и проч. Христо Ботев
Година на издаване 1993 -
9 (RLIN) 210116
Издателство - префикс ISBN 978-954-445-
300 ## - Физическа характеристика
Размери/Мащаб 20 см
380 ## - Жанр
Жанр Худож. лит.
490 ## - СЕРИИ (Колекции)
Име на серия Поредица Философия на духа
9 (RLIN) 202172
500 ## - Общи забележки
Забележка Ориг. загл. Menschliches, Allzumenschliches / Friedrich Nietzsche.
653 ## - Ключова дума – ненормативна
Ключова дума философска литература
700 1# - Други автори (авторска отговорност)
Лично име Илинова, Донка
Автороска отговорност (Описва отношението между автора и произведението) прев. от нем.
9 (RLIN) 368400
720 ## - Неконтролирано име
Паралелен автор Т. 1 -
Ключова дума за отношение (Описва отношението между автора и произведението) паралелен автор
760 1# - Описание на основната серия
Редна дума на основното описание Ницше, Фридрих
Място на издаване, издател и година Христо Ботев, 1993
Страници - том 320 с.
Забележка - том 10 000 тир.
Заглавие Т. 2
852 ## - Местоположение
Форматна сигнатура Цб 173880
Фондова буква Хранилище
856 4# - Електронен адрес и достъп
Електронен формат pdf - файл
Инструкция (цена за достъп) 0.00
Права за достъп disable
856 4# - Електронен адрес и достъп
Електронен формат pdf - файл
Инструкция (цена за достъп) 0.00
Права за достъп disable
999 ## - СИСТЕМНИ КОНТРОЛНИ НОМЕРА
Koha biblionumber 49547
Koha biblioitemnumber 49547
942 ## - АРТИКУЛИ
Вид на библиотечния материал Книги
Скрит в OPAC Не
Koha issues (borrowed), all copies 9
Периодичен библиозапис Да
944 ## - СЪЗДАВАНЕ И РЕДАКЦИЯ на ЗАПИСА
Създаване/Редакция Създаване
Дата на регистрацията/редакция 20.01.2017
Статус, дата на статуса Мартин Енчев
Служител, извършил регистрацията/редакцията 30575
944 ## - СЪЗДАВАНЕ И РЕДАКЦИЯ на ЗАПИСА
Създаване/Редакция Редакция
Дата на регистрацията/редакция 14.07.2017
Статус, дата на статуса ф /
Служител, извършил регистрацията/редакцията Людмила_Стоянова
999 ## - СИСТЕМНИ КОНТРОЛНИ НОМЕРА
Koha biblioitemnumber 49547
Наличности
Код за отписване Код за изгубен артикул Източник на класификационната схема Код за повреда Коз за рестрикции Код за отдаване Артикулен № Име на библиотеката - собственик Име на библиотеката, в която се намира в момента Статус (Текущо местоположение) Дата на вписване в системата Местоположение - отдел Цена в лева Инвентарен номер Систематично азбучна сигнатура Баркод Номер на екземпляра Цена в евро Служебна бележка Служебен тип на артикула
  Не е изгубен Universal Decimal Classification Не е повреден без рестрикции ползва се в читалня 77539 Регионална библиотека "Любен Каравелов" Русе Регионална библиотека "Любен Каравелов" Русе Хранилище 1993-01-01 Хранилище 0.90 599925 Цб 173880 120000599925 1 0.46 Дост: Dp Вид: Д N: стар фонд Дата: 01.01.1993 Книги
  Не е изгубен   Не е повреден без рестрикции заемане за дома 77540 Регионална библиотека "Любен Каравелов" Русе Регионална библиотека "Любен Каравелов" Русе Заемна - подръчен фонд 2017-06-27 Заемна - подръчен фонд 14.00 120000812824 П 830-9/Н 83 120000812824 2 7.16 Дост: DA Вид: А N: 27 Дата: 27.06.2017 Дата инв: 12.02.2018 Бележки инв: П2018 Книги
  Не е изгубен   Не е повреден без рестрикции заемане за дома 77541 Регионална библиотека "Любен Каравелов" Русе Регионална библиотека "Любен Каравелов" Русе Заемна - подръчен фонд 2017-06-27 Заемна - подръчен фонд 14.00 120000812825 П 830-9/Н 83 120000812825 3 7.16 Дост: DA Вид: А N: 27 Дата: 27.06.2017 Дата инв: 12.02.2018 Бележки инв: П2018 Книги
Изтеглен Не е изгубен Universal Decimal Classification Не е повреден без рестрикции заемане за дома 77542 Регионална библиотека "Любен Каравелов" Русе Регионална библиотека "Любен Каравелов" Русе Заемна - подръчен фонд 1993-01-01 Заемна - подръчен фонд 0.90 603359 П 830-9/Н 83 603359 4 0.46 Дост: Pk Вид: Ф N: стар фонд Дата: 01.01.1993 Книги
Изтеглен Не е изгубен Universal Decimal Classification Не е повреден без рестрикции заемане за дома 77543 Регионална библиотека "Любен Каравелов" Русе Регионална библиотека "Любен Каравелов" Русе Заемна - подръчен фонд 1993-01-01 Заемна - подръчен фонд 0.90 603360 П 830-9/Н 83 603360 5 0.46 Дост: Pk Вид: Ф N: стар фонд Дата: 01.01.1993 Книги
Изтеглен Не е изгубен Universal Decimal Classification Не е повреден без рестрикции заемане за дома 77544 Регионална библиотека "Любен Каравелов" Русе Регионална библиотека "Любен Каравелов" Русе Заемна - подръчен фонд 1993-01-01 Заемна - подръчен фонд 0.90 603361 П 830-9/Н 83 603361 6 0.46 Дост: Pk Вид: Ф N: стар фонд Дата: 01.01.1993 Книги
Vip Innovations Ltd, Rousse, Bulgaria 2025